Les mots de la langue française se treminant par "eil" - Statistiques

Statistiques générales
  • Ce quiz a été pris 172 fois
  • Le résultat moyen est 12 sur 21
Statistiques - réponses
Indice Mot % Correct
doigt de pied orteil
95%
identique pareil
90%
rouge vermeil
82%
n'est plus jeune vieil
81%
astre soleil
79%
réception accueil
70%
horloge reveil
68%
vision oeil
67%
sarcophage cercueil
63%
éclosion eveil
62%
prétention orgueil
61%
engin appareil
56%
ville du Val de Marne Creteil
55%
suggestion conseil
43%
inaction sommeil
41%
obstacle ecueil
40%
ville de l'Oise Creil
33%
écrit recueil
27%
vin de Touraine bourgueil
19%
ville de Seine Saint-Denis Montfermeil
16%
ville de l'Essone Draveil
9%
Aucun quiz correspondant
Distribution des résultats
% des personnes avec chaque résultat
Percentile par nombre de réponses
Votre historique - résultats
Vous n’avez pas pris ce quiz